Online
Catalog

España 1991. (Record no. 43542)

MARC details
000 -CABECERA
campo de control de longitud fija 00250nam a2200109 a 4500
005 - FECHA Y HORA DE LA ÚLTIMA TRANSACCIÓN
campo de control 20201002045123.0
008 - DATOS DE LONGITUD FIJA--INFORMACIÓN GENERAL
campo de control de longitud fija 140514s1991 000 spa d
020 ## - NÚMERO INTERNACIONAL ESTÁNDAR DEL LIBRO
Número Internacional Estándar del Libro 8487243193
040 ## - FUENTE DE LA CATALOGACIÓN
Centro catalogador/agencia de origen DO-SdBNP
245 #0 - MENCIÓN DE TÍTULO
Título España 1991.
260 ## - PUBLICACIÓN, DISTRIBUCIÓN, ETC.
Lugar de publicación, distribución, etc. [s.l.],
Fecha de publicación, distribución, etc. 1991.

No items available.

Powered by Koha